000 00485nam a2200193Ia 4500
005 20140312141047.0
008 140130s9999 xx 000 0 und d
020 _a0439080940
050 _aPZ 7
_b.P924j6 1999
100 _aPreller, James
245 _cPreller, James
_aThe case of the mummy mystery /
260 _bScholastic,
_c1999.
_aNew York :
300 _a74 p. :
_bill. ;
_c21 cm.
440 _v1
521 _aG2
526 _c440
942 _cBK
_2lcc
999 _c40360
_d40360